| 000 | 00407cam a2200157ua 4500 | ||
|---|---|---|---|
| 041 |
_aeng _h |
||
| 082 |
_a156 _bHEB/OR |
||
| 100 | _aHebb, D O . | ||
| 245 |
_aOrganisation of bechaviour : A Neuro Psychological theory / _cD O Hebb. _hTextual Documents |
||
| 250 |
_a1 / _b. |
||
| 260 |
_aNew York : _bJohn Wiley & Sons , _c1959. |
||
| 300 | _a335 ; . | ||
| 504 | _a | ||
| 942 | _cBK | ||
| 999 |
_c3518 _d3518 |
||